|
|
|
|
| LEADER |
00873nam a2200229 a 4500 |
| 001 |
GR-Patra551 |
| 008 |
991022s1987 enk 000 b eng d |
| 020 |
|
|
|a 0863100252
|
| 040 |
|
|
|a GrPaTEI
|b gre
|c GR-PaULI
|
| 245 |
0 |
0 |
|a Handbook to British Standard BS 8110:1985, Structural use of concrete.
|
| 260 |
|
|
|a London :
|b Palladian Publications,
|c 1987
|
| 300 |
|
|
|a 206σ. :
|b εικ.
|
| 490 |
1 |
|
|a Viewpoint publications
|
| 650 |
|
0 |
|a BS 8110
|
| 650 |
|
4 |
|a ΣΚΥΡΟΔΕΜΑ
|
| 650 |
|
4 |
|a ΣΚΥΡΟΔΕΜΑ
|
| 710 |
0 |
|
|a Palladian Publications
|
| 830 |
|
0 |
|1 00111618
|1 2001
|a Viewpoint publications
|
| 942 |
|
|
|2 ddc
|
| 952 |
|
|
|0 0
|1 0
|2 ddc
|4 0
|6 624_183400000000000_HAN
|7 0
|9 281462
|a LISK
|b LISK
|c BSC
|d 2021-01-17
|e 24
|f 0
|g 0.00
|l 0
|o 624.1834 HAN
|p 9241003068
|r 2021-01-17 00:00:00
|t 1
|w 2021-01-17
|y BK15
|x 19991024 0 1
|x GrPaTEI
|
| 971 |
|
|
|a .b26480463
|b 15-04-20
|c 23-09-16
|
| 999 |
|
|
|c 163835
|d 163835
|